Франко – Каменяр (Запис № 579970)

МАРК-запис
000 -Лідер
fixed length control field 02056 a2200229 4500
003 - Ідентифікатор контрольного номера
control field UA-OsUOA
005 - Дата та час останнього входження (трансакції)
control field 20260330102338.0
008 - Елементи даних фіксованої довжини – загальна інформація
fixed length control field 260304b un ||||| |||| 00| 0 ukr d
020 ## - Міжнародний стандартний книжковий номер (ISBN)
Міжнародний стандартний книжковий номер (ISBN) (НП) 9789668924422
040 ## - Джерело каталогізації
Мова каталогізації ukr
Агенція, яка здійснювала перезапис UA-OsUOA
080 ## - Індекс Універсальної десяткової класифікації
Індекс Універсальної десяткової класифікації (УДК) (НП) 82.09(477)
090 ## - Локальний шифр розміщення
Класифікаційний індекс УДК 82.09(477)
Авторський знак (НП) С16
100 ## - Основне введення – ім’я особи
Ім’я особи (НП) Салига Т.
9 (RLIN) 23358
245 ## - Відомості про назву
Назва (НП) Франко – Каменяр
Дані про відповідальність (НП) Тарас Салига
260 ## - Публікація, розповсюдження і т.п. (Вихідні дані)
Місце публікації, розповсюдження і т.п. (П) Ужгород
Ім’я/ наймення видавництва, розповсюджувача і т.п. (П) Гражда
Дата публікації, розповсюдження і т.п. (П) 2007
300 ## - Фізичний опис
Обсяг 128 с.
Інші фізичні характеристики (НП) іл.
520 ## - Резюме і т.п.
Резюме, реферат, анотація, тощо (НП) Франкові святкові дати: „40-річний ювілей літературної та громадської діяльності письменника"(1912 р.)та „150-ліття від дня народження Каменяра"(2006 р.) позначились не тільки розмаїтістю фундаментальних дослідженьпро життя і творчість славетного сина України, але й „спричинили" в періодиці появу ряду псевдонаукових і недлброзичливих опусів. Зараз автор пропонує читацькій увазі статті, що недавно (2006 р.) з’явились у періодичній пресі як заперечення поширюваної надуманої тези „Франко-не каменяр!". Видання подає уривок тексту видатного українського художника Івана Труша „Іван Франко і наша суспільність", опубліковану У газеті „Діло"18 вересня 1912 р. у зв’язку з тогочасними нападами на поета.
650 ## - Додаткове предметне введення – тематичний термін
Тематичний термін чи географічна назва, як елемент введення (НП) 82.09 Літературна критика. Літературні дослідження
9 (RLIN) 1582
942 ## - Додаткові елементи входу (Коха)
Тип елемента Koha Книги
Source of classification or shelving scheme Universal Decimal Classification
955 ## - Код типу видання за змістом
Код типу видання за змістом (НП) Наукові видання
Фонди
Стан вилучень Стан втрат Джерело класифікації або схеми стелажів Стан уражень Не для кредиту Код колекції Постійне місце розташування Поточне розміщення Дата придбання Джерело придбання Вартість, звичайна ціна покупки Усього замовленно Повний номер виклику Штрих-код Дата останнього перегляду Вартість, ціна заміни Ціна ефективна від Тип елемента Koha
    Universal Decimal Classification     Колекція Шевчука Валерія АБ - Абонемент НБ АБ - Абонемент НБ 04/03/2026 08/02.03.2026 75.00   82.09(477) С16 169451 04/03/2026 75.00 04/03/2026 Книги